Loading...
| Philosophy | 0 | 9 | 1 | 0 | 85 | 35 | 72.78 | 4 | 8 |
| Fine Arts - Classical Music | 0 | 8 | 1 | 0 | 75 | 72 | 95.13 | 2 | 4 |
| Literature - American Literature | 0 | 7 | 0 | 2 | 70 | 83 | 117.43 | 0 | 3 |
| Fine Arts - Painting and Sculpture | 0 | 7 | 0 | 0 | 70 | 78 | 101.29 | 4 | 5 |
| Literature - World Literature | 0 | 5 | 0 | 0 | 50 | 78 | 104.00 | 0 | 1 |
| Literature - British Literature | 0 | 5 | 0 | 0 | 50 | 69 | 109.20 | 0 | 1 |
| Literature - European Literature | 0 | 5 | 2 | 0 | 40 | 69 | 108.80 | 1 | 3 |
| Mythology | 0 | 4 | 0 | 0 | 40 | 93 | 101.25 | 0 | 2 |
| Science - Physics | 0 | 4 | 0 | 0 | 40 | 101 | 116.75 | 0 | 1 |
| History - European History | 0 | 3 | 0 | 0 | 30 | 41 | 73.33 | 0 | 2 |
| Social Science | 0 | 3 | 0 | 0 | 30 | 97 | 101.00 | 1 | 1 |
| History - Other History | 0 | 3 | 0 | 0 | 30 | 91 | 108.67 | 0 | 2 |
| Science - Biology | 0 | 2 | 0 | 0 | 20 | 94 | 111.00 | 0 | 0 |
| Fine Arts - Other Fine Arts | 0 | 3 | 2 | 0 | 20 | 81 | 93.33 | 0 | 3 |
| Religion | 0 | 2 | 0 | 0 | 20 | 80 | 87.50 | 0 | 1 |
| History - American History | 0 | 2 | 0 | 0 | 20 | 79 | 83.00 | 0 | 1 |
| History - World History | 0 | 2 | 0 | 0 | 20 | 73 | 76.50 | 1 | 2 |
| Other Academic | 0 | 1 | 0 | 0 | 10 | 99 | 99.00 | 0 | 0 |
| Science - Other Science | 0 | 1 | 1 | 0 | 5 | 82 | 82.00 | 0 | 1 |